Στο φως της Ινδίας
Αποθηκεύτηκε σε:
| Κύριος συγγραφέας: | |
|---|---|
| Μορφή: | Βιβλίο |
| Γλώσσα: | Greek Spanish |
| Δημοσίευση: |
Αθήνα :
Κέδρος,
c2005.
|
| Σειρά: | Terra nova
|
| Θέματα: | |
| Ετικέτες: |
Προσθήκη ετικέτας
Δεν υπάρχουν, Καταχωρήστε ετικέτα πρώτοι!
|
MARC
| LEADER | 00000cam a2200000 i 4500 | ||
|---|---|---|---|
| 001 | 1/25984 | ||
| 008 | 130215s2005 gr | ||| |||| ||gre|| | ||
| 020 | |a 9600427763 | ||
| 035 | |l 10113744 | ||
| 040 | |a GR-MyUa |b gre |e AACR2 | ||
| 041 | 1 | |a gre |h spa |k eng | |
| 082 | 7 | |a 915.4 |2 (22) | |
| 100 | 1 | |a Paz, Octavio, |d 1914-1998. | |
| 245 | 1 | 0 | |a Στο φως της Ινδίας / |c Οκτάβιο Πας ; μετάφραση Μάρω Φιλίππου. |
| 260 | |a Αθήνα : |b Κέδρος, |c c2005. | ||
| 300 | |a 287 σ. ; |c 22 εκ. | ||
| 490 | 1 | |a (Terra Nova) | |
| 500 | |a Μετάφραση του: In light of India. | ||
| 650 | 0 | |a Ambassadors |x Travel |z Mexico. | |
| 650 | 0 | |a Ambassadors |x Travel |z India. | |
| 650 | 0 | |a Authors, Mexican |x Travel |z India. | |
| 651 | 0 | |a India |x Civilization. | |
| 830 | 0 | |a Terra nova | |
| 852 | |a INST |b SYROS |e 20130215 |h 915.4 PAZ |p 005500010551 |q 005500010551 |t BK |y 0 | ||
| 901 | |a BIBL5-2013-1 | ||
| 970 | |a Κοντού |b Παρασκευή |z 15/02/2013 | ||